Sports Quiz

Random Sports or Baseball Quiz

MLB Most Home Runs by Position (all time) Quiz Stats

 Plays Quiz not verified by Sporcle

Challenge
Share
Tweet
Embed
Score 0/27 Timer 04:00
0 Plays Today
Hint Answer % Correct
Left Field Barry Bonds
86.2%
Right Field Babe Ruth
83.4%
Catcher Mike Piazza
81.6%
Right Field Hank Aaron
81.6%
Center Field Willie Mays
79%
Shortstop Alex Rodriguez
78.8%
Catcher Johnny Bench
73.1%
3rd baseman Mike Schmidt
70.2%
Center Field Ken Griffey Jr.
66.5%
Right Field Sammy Sosa
63.7%
Center Field Mickey Mantle
58.5%
DH David Ortiz
58.4%
1st baseman Jim Thome
58.1%
Shortstop Ernie Banks
57.1%
Hint Answer % Correct
1st baseman Mark McGwire
54.2%
Shortstop Cal Ripken Jr.
54.1%
Catcher Carlton Fisk
53.3%
DH Frank Thomas
52.9%
Left Field Ted Williams
51.3%
2nd baseman Jeff Kent
45.8%
3rd baseman Eddie Mathews
42.2%
DH Edgar Martinez
40.7%
Left Field Manny Ramirez
39.5%
1st baseman Harmon Killebrew
36.7%
2nd baseman Rogers Hornsby
33.7%
3rd baseman Chipper Jones
33.3%
2nd baseman Craig Biggio
21%

You're not logged in!

Compare scores with friends on all Sporcle quizzes.
OR
Log In

You Might Also Like...

Show Comments

Extras

Top Quizzes Today


Score Distribution

Your Account Isn't Verified!

In order to create a playlist on Sporcle, you need to verify the email address you used during registration. Go to your Sporcle Settings to finish the process.

Report this User

Report this user for behavior that violates our Community Guidelines.

Details: